000 00648nam a2200217Ia 4500
005 20241129111314.0
008 241129s9999||||xx |||||||||||||| ||und||
020 _a978-93-86348-71-5
037 _aTB
040 _aCRL
_beng
_cCRL
041 _aeng
_2eng
084 _aQ1:418'C R3
_qCRL
100 _aSwami Om Au.
_9614155
245 0 _aAncient science of mantras: wisdom of the sages: realize your dreams, achieve your goals
_cSwami Om Au.
260 _aDelhi, India
_bJaico Publishing House
_c2023
300 _axvi,471p.
365 _aINR
_b499
650 _aReligion
942 _cTB
_hQ1:418'C R3
999 _c1229840
_d1229840